000 00443nam a2200169Ia 4500
008 230524s9999 xx 000 0 und d
020 _a9788131808146
082 _a620.112
_bBAN
100 _aR.K.Bansal
245 0 _a"Strength of Materials(A Textbook of) (Mechanics of Solids) SI Units,"
250 _a5
260 _aNew Delhi
_bLaxmi
_c2013
300 _a1144p;
500 _aQuantity Number: 10
650 _aMechanics
942 _cBK
999 _c53704
_d53704